[Event "Campionat de Catalunya 2021 Sub 10-14"]
[Site "Salou"]
[Date "2021.03.29"]
[Round "4.1"]
[White "Domene Mulyukov, Alexander"]
[Black "Vinuesa Sorli, Ruben"]
[Result "1-0"]
[WhiteFideId "24589802"]
[BlackFideId "24562360"]
[WhiteElo "2023"]
[BlackElo "1857"]

1. e4 {[%clk 01:30:57]} {[%emt 00:00:02]} c5 {[%clk 01:30:47]} {[%emt
00:00:13]} 2. Nf3 {[%clk 01:31:23]} {[%emt 00:00:04]} d6 {[%clk 01:31:07]}
{[%emt 00:00:10]} 3. d4 {[%clk 01:31:49]} {[%emt 00:00:04]} cxd4 {[%clk
01:31:25]} {[%emt 00:00:12]} 4. Qxd4 {[%clk 01:32:14]} {[%emt 00:00:05]} e5
{[%clk 01:30:33]} {[%emt 00:01:22]} 5. Qd3 {[%clk 01:30:33]} {[%emt 00:02:11]}
Nf6 {[%clk 01:30:32]} {[%emt 00:00:31]} 6. Nc3 {[%clk 01:30:57]} {[%emt
00:00:06]} h6 {[%clk 01:30:01]} {[%emt 00:01:01]} 7. Be3 {[%clk 01:30:48]}
{[%emt 00:00:38]} Be7 {[%clk 01:30:11]} {[%emt 00:00:20]} 8. h3 {[%clk
01:28:23]} {[%emt 00:02:55]} Be6 {[%clk 01:28:01]} {[%emt 00:02:41]} 9. Be2
{[%clk 01:26:09]} {[%emt 00:02:44]} Nbd7 {[%clk 01:26:41]} {[%emt 00:01:50]} 10.
O-O {[%clk 01:23:50]} {[%emt 00:02:49]} O-O {[%clk 01:25:13]} {[%emt 00:01:58]}
11. Rad1 {[%clk 01:21:51]} {[%emt 00:02:28]} a6 {[%clk 01:23:42]} {[%emt
00:02:02]} 12. Qd2 {[%clk 01:07:56]} {[%emt 00:14:25]} b5 {[%clk 01:18:59]}
{[%emt 00:05:14]} 13. Bd3 {[%clk 01:07:37]} {[%emt 00:00:48]} b4 {[%clk
01:13:49]} {[%emt 00:05:40]} 14. Ne2 {[%clk 01:04:44]} {[%emt 00:03:23]} d5
{[%clk 01:13:12]} {[%emt 00:01:08]} 15. exd5 {[%clk 01:04:40]} {[%emt
00:00:33]} Bxd5 {[%clk 01:13:29]} {[%emt 00:00:13]} 16. Ng3 {[%clk 01:04:24]}
{[%emt 00:00:46]} Qc7 {[%clk 01:02:29]} {[%emt 00:11:30]} 17. Nf5 {[%clk
00:49:33]} {[%emt 00:15:20]} Bc5 {[%clk 00:57:04]} {[%emt 00:05:56]} 18. Bxh6
{[%clk 00:47:44]} {[%emt 00:02:19]} e4 {[%clk 00:52:30]} {[%emt 00:05:05]} 19.
Bxg7 {[%clk 00:46:06]} {[%emt 00:02:07]} Be6 {[%clk 00:47:04]} {[%emt
00:05:56]} 20. Qh6 {[%clk 00:45:24]} {[%emt 00:01:12]} Nh7 {[%clk 00:46:56]}
{[%emt 00:00:39]} 21. Bf6 {[%clk 00:45:39]} {[%emt 00:00:14]} Qg3 {[%clk
00:44:51]} {[%emt 00:02:35]} 22. Nxg3 {[%clk 00:43:45]} {[%emt 00:02:24]} Ndxf6
{[%clk 00:44:31]} {[%emt 00:00:50]} 23. Bxe4 {[%clk 00:43:51]} {[%emt
00:00:24]} Rad8 {[%clk 00:43:59]} {[%emt 00:00:59]} 24. Nh5 {[%clk 00:43:51]}
{[%emt 00:00:32]} Nxe4 {[%clk 00:42:28]} {[%emt 00:02:02]} 25. Qg7# {[%clk
00:44:05]} {[%emt 00:00:15]} 1-0

[Event "Campionat de Catalunya 2021 Sub 10-14"]
[Site "Salou"]
[Date "2021.03.29"]
[Round "4.2"]
[White "Boix Redorta, Roc"]
[Black "Ribera Veganzones, Serni"]
[Result "0-1"]
[WhiteFideId "54561817"]
[BlackFideId "6900860"]
[WhiteElo "1764"]
[BlackElo "2010"]

1. e4 {[%clk 01:30:57]} {[%emt 00:00:02]} c5 {[%clk 01:30:41]} {[%emt
00:00:20]} 2. Nf3 {[%clk 01:31:24]} {[%emt 00:00:02]} Nc6 {[%clk 01:30:45]}
{[%emt 00:00:26]} 3. d4 {[%clk 01:31:51]} {[%emt 00:00:03]} cxd4 {[%clk
01:31:00]} {[%emt 00:00:16]} 4. Nxd4 {[%clk 01:32:19]} {[%emt 00:00:02]} Nf6
{[%clk 01:30:52]} {[%emt 00:00:37]} 5. Nc3 {[%clk 01:32:41]} {[%emt 00:00:09]}
e6 {[%clk 01:30:37]} {[%emt 00:00:45]} 6. Nxc6 {[%clk 01:32:32]} {[%emt
00:00:39]} bxc6 {[%clk 01:30:58]} {[%emt 00:00:08]} 7. Bd3 {[%clk 01:32:12]}
{[%emt 00:00:50]} d5 {[%clk 01:30:08]} {[%emt 00:01:21]} 8. O-O {[%clk
01:31:34]} {[%emt 00:01:09]} Be7 {[%clk 01:28:53]} {[%emt 00:01:44]} 9. Kh1
{[%clk 01:29:56]} {[%emt 00:02:08]} O-O {[%clk 01:22:20]} {[%emt 00:07:03]} 10.
f4 {[%clk 01:17:00]} {[%emt 00:13:26]} d4 {[%clk 01:19:57]} {[%emt 00:02:51]}
11. Ne2 {[%clk 01:10:42]} {[%emt 00:06:49]} c5 {[%clk 01:17:40]} {[%emt
00:02:48]} 12. Ng3 {[%clk 01:08:49]} {[%emt 00:02:21]} e5 {[%clk 01:14:27]}
{[%emt 00:03:44]} 13. fxe5 {[%clk 01:04:55]} {[%emt 00:04:24]} Ng4 {[%clk
01:13:46]} {[%emt 00:01:10]} 14. Bf4 {[%clk 00:59:32]} {[%emt 00:05:53]} Bg5
{[%clk 01:12:38]} {[%emt 00:01:38]} 15. Nf5 {[%clk 00:56:25]} {[%emt 00:03:37]}
Bxf5 {[%clk 01:02:56]} {[%emt 00:10:12]} 16. exf5 {[%clk 00:51:45]} {[%emt
00:05:10]} Bxf4 {[%clk 01:03:06]} {[%emt 00:00:21]} 17. Qxg4 {[%clk 00:49:51]}
{[%emt 00:02:23]} Bxe5 {[%clk 01:03:26]} {[%emt 00:00:10]} 18. f6 {[%clk
00:49:20]} {[%emt 00:01:01]} g6 {[%clk 01:02:40]} {[%emt 00:01:16]} 19. Qg5
{[%clk 00:41:10]} {[%emt 00:08:39]} Re8 {[%clk 00:57:18]} {[%emt 00:05:53]} 20.
Rae1 {[%clk 00:41:00]} {[%emt 00:00:40]} Bd6 {[%clk 00:47:20]} {[%emt
00:10:28]} 21. Bb5 {[%clk 00:35:32]} {[%emt 00:05:58]} Rxe1 {[%clk 00:43:46]}
{[%emt 00:04:05]} 22. Rxe1 {[%clk 00:35:53]} {[%emt 00:00:09]} Qa5 {[%clk
00:43:43]} {[%emt 00:00:32]} 23. Qh4 {[%clk 00:30:19]} {[%emt 00:06:04]} Qxb5
{[%clk 00:43:04]} {[%emt 00:01:09]} 24. c4 {[%clk 00:29:52]} {[%emt 00:00:57]}
Qc6 {[%clk 00:42:13]} {[%emt 00:01:20]} 25. h3 {[%clk 00:27:09]} {[%emt
00:03:14]} Re8 {[%clk 00:42:25]} {[%emt 00:00:18]} 26. Rf1 {[%clk 00:27:09]}
{[%emt 00:00:30]} Qe4 {[%clk 00:42:08]} {[%emt 00:00:46]} 27. Qg5 {[%clk
00:27:00]} {[%emt 00:00:40]} Qe5 {[%clk 00:42:09]} {[%emt 00:00:29]} 28. Qxe5
{[%clk 00:26:21]} {[%emt 00:01:10]} Rxe5 {[%clk 00:42:31]} {[%emt 00:00:08]} 29.
g4 {[%clk 00:26:41]} {[%emt 00:00:10]} Re2 {[%clk 00:42:34]} {[%emt 00:00:27]}
30. b4 {[%clk 00:27:03]} {[%emt 00:00:08]} cxb4 {[%clk 00:42:19]} {[%emt
00:00:46]} 31. c5 {[%clk 00:27:27]} {[%emt 00:00:06]} Bxc5 {[%clk 00:42:36]}
{[%emt 00:00:13]} 32. Rc1 {[%clk 00:27:49]} {[%emt 00:00:07]} Re5 {[%clk
00:41:51]} {[%emt 00:01:14]} 33. h4 {[%clk 00:28:11]} {[%emt 00:00:09]} h6
{[%clk 00:41:52]} {[%emt 00:00:29]} 34. h5 {[%clk 00:28:37]} {[%emt 00:00:04]}
gxh5 {[%clk 00:42:17]} {[%emt 00:00:06]} 35. g5 {[%clk 00:29:02]} {[%emt
00:00:04]} hxg5 {[%clk 00:42:41]} {[%emt 00:00:06]} 36. Kh2 {[%clk 00:29:23]}
{[%emt 00:00:09]} Kh7 {[%clk 00:43:06]} {[%emt 00:00:06]} 37. Kg3 {[%clk
00:29:42]} {[%emt 00:00:10]} Kg6 {[%clk 00:43:31]} {[%emt 00:00:06]} 38. a4
{[%clk 00:30:05]} {[%emt 00:00:07]} Kxf6 {[%clk 00:43:46]} {[%emt 00:00:15]} 39.
a5 {[%clk 00:30:32]} {[%emt 00:00:04]} d3 {[%clk 00:44:02]} {[%emt 00:00:14]}
40. Rf1+ {[%clk 00:30:53]} {[%emt 00:00:08]} Ke6 {[%emt 00:00:08]} 41. a6
{[%clk 00:31:14]} {[%emt 00:00:08]} d2 {[%clk 00:44:47]} {[%emt 00:00:07]} 42.
Rd1 {[%clk 00:31:27]} {[%emt 00:00:17]} Rd5 {[%clk 00:45:07]} {[%emt 00:00:10]}
43. Kf3 {[%clk 00:31:44]} {[%emt 00:00:13]} b3 {[%clk 00:45:32]} {[%emt
00:00:06]} 44. Ke4 {[%clk 00:32:01]} {[%emt 00:00:12]} Rd4+ {[%clk 00:45:51]}
{[%emt 00:00:12]} 45. Ke3 {[%clk 00:32:19]} {[%emt 00:00:11]} b2 {[%clk
00:46:18]} {[%emt 00:00:04]} 46. Rf1 {[%clk 00:32:00]} {[%emt 00:00:49]} Rf4+
{[%clk 00:46:30]} {[%emt 00:00:18]} 47. Kd3 {[%clk 00:32:12]} {[%emt 00:00:18]}
Rxf1 {[%clk 00:46:52]} {[%emt 00:00:09]} 48. Ke4 {[%clk 00:32:32]} {[%emt
00:00:09]} b1=Q# {[%clk 00:47:09]} {[%emt 00:00:12]} 49. Kd4 {[%emt 00:00:15]}
0-1

[Event "Campionat de Catalunya 2021 Sub 10-14"]
[Site "Salou"]
[Date "2021.03.29"]
[Round "4.3"]
[White "Ano Pla, Gerard"]
[Black "Valle Luis, Leo"]
[Result "1/2-1/2"]
[WhiteFideId "24560561"]
[BlackFideId "54577187"]
[WhiteElo "1975"]
[BlackElo "1706"]

1. d4 {[%emt 00:00:04]} Nf6 {[%emt 00:00:05]} 2. c4 {[%clk 01:31:19]} {[%emt
00:00:04]} g6 {[%clk 01:31:21]} {[%emt 00:00:07]} 3. Nc3 {[%emt 00:00:17]} Bg7
{[%clk 01:31:37]} {[%emt 00:00:01]} 4. e4 {[%emt 00:00:18]} d6 {[%emt
00:00:06]} 5. h3 {[%clk 01:32:35]} {[%emt 00:00:02]} O-O {[%emt 00:00:46]} 6.
Be3 {[%emt 00:00:13]} e5 {[%clk 01:32:51]} {[%emt 00:00:04]} 7. d5 a5 {[%emt
00:02:56]} 8. g4 {[%emt 00:02:21]} Na6 {[%emt 00:06:58]} 9. Nge2 {[%emt
00:05:11]} Nd7 {[%emt 00:03:00]} 10. Ng3 {[%emt 00:03:05]} Ndc5 {[%emt
00:13:18]} 11. Be2 {[%emt 00:07:48]} c6 {[%emt 00:05:44]} 12. Qd2 {[%clk
00:55:41]} {[%emt 00:04:13]} Qc7 13. Bh6 {[%emt 00:11:18]} Nb4 {[%clk
01:10:18]} {[%emt 00:00:03]} 14. Bxg7 {[%clk 00:56:03]} {[%emt 00:00:07]} Kxg7
{[%emt 00:04:00]} 15. Rg1 {[%emt 00:05:15]} f6 {[%clk 01:02:42]} {[%emt
00:10:02]} 16. Rd1 {[%clk 00:39:18]} cxd5 {[%clk 01:03:06]} 17. Nxd5 {[%clk
00:42:04]} Nxd5 {[%emt 00:13:30]} 18. cxd5 {[%clk 00:31:23]} {[%emt 00:02:34]}
b6 19. h4 {[%clk 00:30:04]} {[%emt 00:04:33]} Ba6 20. g5 {[%clk 00:19:36]}
{[%emt 00:05:54]} fxg5 {[%clk 00:56:48]} 21. Bxa6 {[%clk 00:12:57]} Rxa6 22.
Qxg5 {[%emt 00:19:16]} Qf7 {[%clk 00:56:43]} {[%emt 00:00:07]} 23. Qe3 {[%emt
00:01:24]} Kh8 {[%clk 00:55:24]} {[%emt 00:00:34]} 24. h5 {[%clk 00:12:04]}
{[%emt 00:01:34]} Qf3 {[%clk 00:55:20]} 25. Qxf3 Rxf3 {[%emt 00:01:46]} 26. Ke2
{[%emt 00:00:26]} Rf4 {[%emt 00:01:07]} 27. Ke3 {[%clk 00:12:10]} {[%emt
00:00:02]} Ra7 {[%clk 00:55:24]} {[%emt 00:00:14]} 28. hxg6 {[%clk 00:12:07]}
hxg6 29. Rh1+ {[%emt 00:00:40]} Rh7 {[%clk 00:56:00]} 30. Rxh7+ {[%clk
00:12:19]} Kxh7 {[%clk 00:56:00]} 31. Rh1+ {[%clk 00:12:19]} Kg7 {[%clk
00:56:00]} 32. f3 {[%clk 00:12:14]} {[%emt 00:01:27]} b5 33. Ne2 {[%clk
00:11:15]} {[%emt 00:02:07]} Rf7 34. Rg1 {[%clk 00:10:11]} {[%emt 00:03:20]}
Re7 35. Ng3 {[%clk 00:10:23]} {[%emt 00:02:17]} Kf6 {[%clk 00:54:50]} 36. Rh1
{[%clk 00:09:23]} Kg7 37. Rd1 {[%emt 00:03:18]} Rf7 {[%emt 00:02:04]} 38. Rb1
{[%emt 00:02:16]} b4 {[%emt 00:01:18]} 39. Rg1 {[%clk 00:07:18]} Kf6 40. Ne2
Re7 41. Nc1 {[%clk 00:07:18]} Rh7 {[%clk 00:52:04]} 42. Rg2 {[%clk 00:07:18]}
Rh1 {[%clk 00:52:04]} 43. Rc2 {[%clk 00:07:18]} Re1+ {[%clk 00:52:04]} 44. Kd2
{[%clk 00:07:18]} Rf1 {[%clk 00:52:04]} 45. Ke2 {[%clk 00:07:18]} Rh1 {[%clk
00:52:04]} 46. Nd3 {[%clk 00:07:18]} Rh2+ {[%clk 00:52:04]} 47. Nf2 {[%clk
00:07:18]} Rh8 {[%clk 00:52:04]} 48. b3 {[%clk 00:07:18]} Ke7 {[%clk 00:40:56]}
{[%emt 00:23:13]} 49. Rc1 {[%clk 00:03:33]} {[%emt 00:03:08]} Rh2 50. Rh1
{[%emt 00:03:08]} Rxh1 {[%emt 00:00:52]} 1/2-1/2

[Event "Campionat de Catalunya 2021 Sub 10-14"]
[Site "Salou"]
[Date "2021.03.29"]
[Round "4.4"]
[White "Salinas Tomas, Daniel"]
[Black "Prada Villagrasa, Pau Manel"]
[Result "1-0"]
[WhiteFideId "24597716"]
[BlackFideId "54501113"]
[WhiteElo "2024"]
[BlackElo "1575"]

1. d4 {[%clk 01:30:46]} {[%emt 00:00:13]} d5 {[%clk 01:30:09]} {[%emt
00:00:52]} 2. c4 {[%clk 01:30:47]} {[%emt 00:00:29]} c6 {[%clk 01:29:54]}
{[%emt 00:00:45]} 3. Nf3 {[%clk 01:31:11]} {[%emt 00:00:07]} e6 {[%clk
01:29:47]} {[%emt 00:00:37]} 4. Qc2 {[%clk 01:30:54]} {[%emt 00:00:47]} f5
{[%clk 01:29:28]} {[%emt 00:00:48]} 5. Bf4 {[%clk 01:28:57]} {[%emt 00:02:27]}
Nf6 {[%clk 01:29:04]} {[%emt 00:00:54]} 6. e3 {[%clk 01:27:49]} {[%emt
00:01:39]} Bd6 {[%clk 01:27:55]} {[%emt 00:01:39]} 7. Bxd6 {[%clk 01:26:56]}
{[%emt 00:01:23]} Qxd6 {[%clk 01:27:52]} {[%emt 00:00:34]} 8. Nbd2 {[%clk
01:26:58]} {[%emt 00:00:28]} O-O {[%clk 01:27:11]} {[%emt 00:01:10]} 9. Ne5
{[%clk 01:26:35]} {[%emt 00:00:53]} Nbd7 {[%clk 01:26:40]} {[%emt 00:01:01]} 10.
Ndf3 {[%clk 01:25:49]} {[%emt 00:01:16]} Qb4+ {[%clk 01:22:19]} {[%emt
00:04:49]} 11. Qc3 {[%clk 01:23:39]} {[%emt 00:02:43]} Qxc3+ {[%clk 01:22:29]}
{[%emt 00:00:20]} 12. bxc3 {[%clk 01:24:08]} {[%emt 00:00:01]} Nxe5 {[%clk
01:21:59]} {[%emt 00:01:00]} 13. Nxe5 {[%clk 01:24:32]} {[%emt 00:00:06]} Nd7
{[%clk 01:18:46]} {[%emt 00:03:42]} 14. Nf3 {[%clk 01:24:14]} {[%emt 00:00:48]}
a6 {[%clk 01:18:10]} {[%emt 00:01:06]} 15. a4 {[%clk 01:17:29]} {[%emt
00:07:15]} h6 {[%clk 01:16:52]} {[%emt 00:01:47]} 16. cxd5 {[%clk 01:12:32]}
{[%emt 00:05:28]} cxd5 {[%clk 01:15:51]} {[%emt 00:01:31]} 17. c4 {[%clk
01:11:29]} {[%emt 00:01:33]} g5 {[%clk 01:13:03]} {[%emt 00:03:18]} 18. cxd5
{[%clk 01:06:19]} {[%emt 00:05:40]} exd5 {[%clk 01:13:17]} {[%emt 00:00:15]} 19.
Bd3 {[%clk 01:05:28]} {[%emt 00:01:21]} f4 {[%clk 01:11:00]} {[%emt 00:02:47]}
20. O-O {[%clk 01:00:33]} {[%emt 00:05:25]} Nf6 {[%clk 01:09:01]} {[%emt
00:02:28]} 21. exf4 {[%clk 00:58:52]} {[%emt 00:02:12]} gxf4 {[%clk 01:09:14]}
{[%emt 00:00:17]} 22. Ne5 {[%clk 00:58:08]} {[%emt 00:01:15]} Ng4 {[%clk
01:08:02]} {[%emt 00:01:39]} 23. Ng6 {[%clk 00:56:34]} {[%emt 00:02:05]} Re8
{[%clk 01:07:26]} {[%emt 00:01:05]} 24. Nxf4 {[%clk 00:56:17]} {[%emt
00:00:49]} Nf6 {[%clk 01:06:16]} {[%emt 00:01:39]} 25. Rac1 {[%clk 00:55:03]}
{[%emt 00:01:45]} Re7 {[%clk 01:04:27]} {[%emt 00:02:19]} 26. Rc5 {[%clk
00:53:20]} {[%emt 00:02:14]} Bd7 {[%clk 01:03:10]} {[%emt 00:01:47]} 27. a5
{[%clk 00:52:30]} {[%emt 00:01:20]} Bc6 {[%clk 01:03:11]} {[%emt 00:00:29]} 28.
Ng6 {[%clk 00:52:26]} {[%emt 00:00:32]} Rg7 {[%clk 01:02:46]} {[%emt 00:00:57]}
29. Ne5 {[%clk 00:52:17]} {[%emt 00:00:40]} Nd7 {[%clk 01:02:34]} {[%emt
00:00:39]} 30. Nxd7 {[%clk 00:51:31]} {[%emt 00:01:19]} Rxd7 {[%clk 01:02:50]}
{[%emt 00:00:14]} 31. Re1 {[%clk 00:50:01]} {[%emt 00:01:59]} Kf7 {[%clk
01:03:05]} {[%emt 00:00:15]} 32. Be2 {[%clk 00:49:26]} {[%emt 00:01:02]} Re7
{[%clk 01:02:58]} {[%emt 00:00:40]} 33. Bh5+ {[%clk 00:47:28]} {[%emt
00:02:29]} Kf6 {[%clk 01:02:54]} {[%emt 00:00:34]} 34. Rxe7 {[%clk 00:47:51]}
{[%emt 00:00:07]} Kxe7 {[%clk 01:03:13]} {[%emt 00:00:11]} 35. Rc3 {[%clk
00:47:33]} {[%emt 00:00:47]} Rf8 {[%clk 01:02:02]} {[%emt 00:01:41]} 36. Re3+
{[%clk 00:47:04]} {[%emt 00:01:00]} Kd6 {[%clk 01:02:15]} {[%emt 00:00:17]} 37.
Rf3 {[%clk 00:45:24]} {[%emt 00:02:10]} Rxf3 {[%clk 01:01:45]} {[%emt
00:00:59]} 38. Bxf3 {[%clk 00:44:55]} {[%emt 00:01:00]} Be8 {[%clk 01:01:53]}
{[%emt 00:00:22]} 39. g4 {[%clk 00:44:25]} {[%emt 00:01:01]} Bf7 {[%clk
01:01:28]} {[%emt 00:00:55]} 40. Be2 {[%clk 00:43:44]} {[%emt 00:01:11]} Ke6
{[%clk 01:01:25]} {[%emt 00:00:33]} 41. h4 {[%clk 00:43:43]} {[%emt 00:00:30]}
h5 {[%clk 01:01:14]} {[%emt 00:00:41]} 42. gxh5 {[%clk 00:43:15]} {[%emt
00:00:58]} Kf5 {[%clk 01:00:29]} {[%emt 00:01:15]} 43. h6 {[%clk 00:43:30]}
{[%emt 00:00:15]} Kg6 {[%clk 01:00:50]} {[%emt 00:00:10]} 44. Bh5+ {[%clk
00:43:55]} {[%emt 00:00:05]} Kf6 {[%clk 01:00:19]} {[%emt 00:01:01]} 45. h7
{[%clk 00:44:17]} {[%emt 00:00:08]} Kg7 {[%clk 01:00:43]} {[%emt 00:00:07]} 46.
h8=Q+ {[%clk 00:44:39]} {[%emt 00:00:07]} Kxh8 {[%clk 01:01:05]} {[%emt
00:00:08]} 47. Bxf7 {[%clk 00:45:04]} {[%emt 00:00:05]} Kg7 {[%clk 01:01:29]}
{[%emt 00:00:06]} 48. Bxd5 {[%clk 00:45:31]} {[%emt 00:00:04]} b5 {[%clk
01:01:52]} {[%emt 00:00:07]} 49. axb6 {[%clk 00:45:58]} {[%emt 00:00:03]} a5
{[%clk 01:02:14]} {[%emt 00:00:08]} 50. b7 {[%clk 00:46:23]} {[%emt 00:00:05]}
a4 {[%clk 01:02:36]} {[%emt 00:00:08]} 51. b8=Q {[%clk 00:46:48]} {[%emt
00:00:05]} a3 {[%clk 01:02:54]} {[%emt 00:00:12]} 52. Qd6 {[%clk 00:46:59]}
{[%emt 00:00:17]} a2 {[%clk 01:03:20]} {[%emt 00:00:06]} 53. Bxa2 {[%clk
00:47:24]} {[%emt 00:00:06]} Kh7 {[%clk 01:03:42]} {[%emt 00:00:07]} 54. Bb1+
{[%clk 00:47:44]} {[%emt 00:00:09]} Kg7 {[%clk 01:04:06]} {[%emt 00:00:06]} 55.
Qg6+ {[%clk 00:48:07]} {[%emt 00:00:06]} Kf8 {[%clk 01:04:32]} {[%emt
00:00:05]} 56. Qh7 {[%clk 00:48:24]} {[%emt 00:00:12]} Ke8 {[%clk 01:04:57]}
{[%emt 00:00:05]} 57. Qg7 {[%clk 00:48:49]} {[%emt 00:00:04]} Kd8 {[%clk
01:05:23]} {[%emt 00:00:06]} 58. h5 {[%clk 00:49:15]} {[%emt 00:00:04]} Kc8
{[%clk 01:05:46]} {[%emt 00:00:06]} 59. h6 {[%clk 00:49:42]} {[%emt 00:00:04]}
1-0

[Event "Campionat de Catalunya 2021 Sub 10-14"]
[Site "Salou"]
[Date "2021.03.29"]
[Round "4.5"]
[White "Lazaro Del Arco, Martina"]
[Black "Villa Tornero, Alex"]
[Result "1-0"]
[WhiteFideId "54567963"]
[BlackFideId "54501091"]
[WhiteElo "1383"]
[BlackElo "1859"]

1. e4 d5 2. exd5 Qxd5 3. Nc3 Qd6 4. d4 Nf6 5. Nf3 a6 6. a4 Bg4 7. h3 Bxf3 8.
Qxf3 Nc6 9. Be3 e5 10. dxe5 Qxe5 11. O-O-O Bd6 12. Nd5 Nxd5 13. Rxd5 Qe7 14.
Rg5 Be5 15. Bc4 O-O-O 16. Qxf7 Qb4 17. Bb3 Bf6 18. Rg4 Qa5 19. Rc4 Qe5 20. Rc3
Rhe8 21. Qc4 Qf5 22. Qg4 Qxg4 23. hxg4 Bxc3 24. bxc3 Ne5 25. Rxh7 {[%clk
01:24:23]} Nxg4 {[%clk 01:19:52]} 26. Bg5 {[%clk 01:24:23]} Rd7 {[%clk
01:19:52]} 27. Be6 {[%clk 01:24:23]} Ne5 {[%clk 01:19:52]} 28. Bxd7+ {[%clk
01:24:23]} Nxd7 {[%clk 01:19:52]} 29. Rxg7 {[%clk 01:24:23]} Nb6 {[%clk
01:19:52]} 30. a5 {[%clk 01:24:23]} Nc4 {[%clk 01:19:52]} 31. Re7 {[%clk
01:24:23]} Rh8 {[%clk 01:19:52]} 32. Re1 {[%clk 01:24:23]} Nxa5 {[%clk
01:19:52]} 33. f4 {[%clk 01:24:23]} Nc4 {[%clk 01:19:52]} 34. f5 {[%clk
01:24:23]} Nd6 {[%clk 01:19:52]} 35. f6 {[%clk 01:24:23]} Rg8 {[%clk 01:19:52]}
36. Bf4 {[%clk 01:24:23]} Kd7 {[%clk 01:19:52]} 37. Re7+ {[%clk 01:24:23]} Kd8
{[%clk 01:19:52]} 38. Bxd6 {[%clk 01:24:23]} cxd6 {[%clk 01:19:52]} 39. f7
{[%clk 01:24:23]} Rf8 {[%clk 01:19:52]} 40. Rxb7 {[%clk 01:24:23]} a5 {[%clk
01:19:52]} 41. g4 {[%clk 01:24:23]} a4 {[%clk 01:19:52]} 42. g5 {[%clk
01:24:23]} a3 {[%clk 01:19:52]} 43. g6 {[%clk 01:24:23]} Kc8 {[%clk 01:19:52]}
44. g7 {[%clk 01:24:23]} a2 {[%clk 01:19:52]} 45. gxf8=Q+ {[%clk 01:24:23]}
Kxb7 {[%clk 01:19:52]} 46. Kb2 {[%clk 01:24:23]} Kb6 {[%clk 01:19:52]} 47. Kxa2
{[%clk 01:24:23]} Kc5 {[%clk 01:19:52]} 48. Qxd6+ {[%clk 01:24:23]} 1-0